TOP 10 STATES WITH MOST HURRICANES. - Statistics

General Stats
  • This quiz has been taken 57 times
  • The average score is 2 of 10
Answer Stats
Hint Answer % Correct
120 HURRICANES FLORIDA
83%
64 HURRICANES TEXAS
34%
15 HURRICANES NEW YORK
31%
55 HURRICANES NORTH CAROLINA
24%
24 HURRICANES ALABAMA
21%
12 HURRICANES MASSACHUSETTS
21%
22 HURRICANES GEORGIA
17%
54 HURRICANES LOUISIANA
17%
19 HURRICANES MISSISSIPPI
0%
30 HURRICANES SOUTH CAROLINA
0%
No matching quizzes found
Score Distribution
Percent of People with Each Score
Percentile by Number Answered
Your Score History
You have not taken this quiz